Einführung in die Mikroelektronik /
Salvato in:
| Autore principale: | |
|---|---|
| Natura: | Libro |
| Lingua: | tedesco |
| Pubblicazione: |
Heidelberg :
Dr. Alfred Hüthig Verlag,
1985
|
| Tags: |
Nessun Tag, puoi essere il primo ad aggiungerne!!
|
MARC
| LEADER | 00000nam a22000003a 4500 | ||
|---|---|---|---|
| 001 | stu2397 | ||
| 005 | 20150617225620.0 | ||
| 008 | 921002s1985----gw------------------ger-d | ||
| 040 | |a STU |b slo | ||
| 041 | 0 | |a ger | |
| 044 | |a gw | ||
| 080 | |a 621.382.049.77 | ||
| 100 | 1 | |a Paul, Reinhold |4 aut | |
| 245 | 1 | |a Einführung in die Mikroelektronik / |c [aut.] Paul,Reinhold | |
| 260 | |a Heidelberg : |b Dr. Alfred Hüthig Verlag, |c 1985 | ||
| 300 | |a 246 s | ||
| 996 | |b E71194 |c E*71194 |l EE11 |s P |a 0 |w stu2397_0001 | ||